<?xml version="1.0" encoding="UTF-8"?>
<record
    xmlns:xsi="http://www.w3.org/2001/XMLSchema-instance"
    xsi:schemaLocation="http://www.loc.gov/MARC21/slim http://www.loc.gov/standards/marcxml/schema/MARC21slim.xsd"
    xmlns="http://www.loc.gov/MARC21/slim">

  <leader>01515    a2200181   4500</leader>
  <controlfield tag="005">20210414113906.0</controlfield>
  <controlfield tag="008">111214t        xxu||||| |||| 00| 0 eng d</controlfield>
  <datafield tag="020" ind1=" " ind2=" ">
    <subfield code="a">0673154920</subfield>
  </datafield>
  <datafield tag="050" ind1=" " ind2=" ">
    <subfield code="a">HB171.5.C629</subfield>
  </datafield>
  <datafield tag="100" ind1=" " ind2=" ">
    <subfield code="a">Chisholm, Roger</subfield>
  </datafield>
  <datafield tag="245" ind1=" " ind2=" ">
    <subfield code="a">Principles of economics /</subfield>
    <subfield code="c">Roger Chisholm and Marilu McCarty</subfield>
  </datafield>
  <datafield tag="250" ind1=" " ind2=" ">
    <subfield code="a">2nd ed.</subfield>
  </datafield>
  <datafield tag="260" ind1=" " ind2=" ">
    <subfield code="a">Dallas:</subfield>
    <subfield code="b">Foresman and Company,</subfield>
    <subfield code="c">1981.</subfield>
  </datafield>
  <datafield tag="300" ind1=" " ind2=" ">
    <subfield code="a">806 p.:</subfield>
    <subfield code="b">ill;</subfield>
    <subfield code="c">26 cm.</subfield>
  </datafield>
  <datafield tag="500" ind1=" " ind2=" ">
    <subfield code="a">Includes index.</subfield>
  </datafield>
  <datafield tag="505" ind1=" " ind2=" ">
    <subfield code="a">Contents: What is economics -- The Economic problem -- The Free market: Supply and demand -- Government's role in the economy -- National income accounting -- Business cycles -- Aggregate demand -- Aggregate supply and equilibrium -- Fiscal policy -- Money and the banking system -- Commercial banks and the creation of money -- Non-bank financial intermediaries -- Demand for money -- Money supply and monetary policy -- Inflation -- Unemployment -- The Theory of growth -- Growth and less developed countries -- International trade -- International finance -- International financial commercial policies and institutions -- Consumer demand and utility -- Measuring and using elasticity of demand -- Supply elasticity and government policy -- Perfect competiton: Costs and production decisions in the short run -- Monopoly  -- The Marginal productivity theory of resource allocation -- Employing labour resources: Unions, work and wages -- Employing land, capital and entrepreneurial resources -- Alternative economic systems.</subfield>
  </datafield>
  <datafield tag="942" ind1=" " ind2=" ">
    <subfield code="2">lcc</subfield>
    <subfield code="c">BK</subfield>
  </datafield>
  <datafield tag="999" ind1=" " ind2=" ">
    <subfield code="c">414</subfield>
    <subfield code="d">7914</subfield>
  </datafield>
  <datafield tag="952" ind1=" " ind2=" ">
    <subfield code="0">0</subfield>
    <subfield code="1">0</subfield>
    <subfield code="2">lcc</subfield>
    <subfield code="4">0</subfield>
    <subfield code="7">0</subfield>
    <subfield code="a">WIUC-1</subfield>
    <subfield code="b">WIUC-1</subfield>
    <subfield code="c">GEN</subfield>
    <subfield code="d">2011-12-15</subfield>
    <subfield code="l">0</subfield>
    <subfield code="o">HB171.5.C629</subfield>
    <subfield code="p">1279/11</subfield>
    <subfield code="r">2011-12-15 00:00:00</subfield>
    <subfield code="t">1</subfield>
    <subfield code="w">2011-12-15</subfield>
    <subfield code="y">BK</subfield>
  </datafield>
</record>
